Standard Terms for the Appointment of a Project Manager (Record no. 104175)

MARC details
000 -LEADER
fixed length control field 01048cam a2200205 4500
001 - CONTROL NUMBER
control field L129398
008 - FIXED-LENGTH DATA ELEMENTS--GENERAL INFORMATION
fixed length control field 050415n1998 000 0 eng u
020 ## - INTERNATIONAL STANDARD BOOK NUMBER
International Standard Book Number 0953159027
035 ## - SYSTEM CONTROL NUMBER
System control number (Sirsi) u129398
050 04 - LIBRARY OF CONGRESS CALL NUMBER
Classification number 658 $2 18
110 2# - MAIN ENTRY--CORPORATE NAME
Corporate name or jurisdiction name as entry element The Association for Project Management
9 (RLIN) 5273
245 ## - TITLE STATEMENT
Title Standard Terms for the Appointment of a Project Manager
260 ## - PUBLICATION, DISTRIBUTION, ETC.
Place of publication, distribution, etc. High Wycombe
Name of publisher, distributor, etc. APM Group
Date of publication, distribution, etc. 1998
300 ## - PHYSICAL DESCRIPTION
Extent 24p.
Dimensions 30cm.
350 ## - PRICE (NR) (BK AM CF MU VM SE) [OBSOLETE]
Price 25
520 ## - SUMMARY, ETC.
Summary, etc. Produced in response to requests for standard terms that are applicable to project managers working in different sectors of employment. These terms consist of a set of Core Terms plus a Schedule of Services. The Core Terms are designed to be used in any industry for any project. The model Schedules of Services can be used alone to form the job description of an in-house employee appointed to be a project manager. The standard terms can be used for a part-time appointment.
651 #4 - SUBJECT ADDED ENTRY--GEOGRAPHIC NAME
Geographic name United Kingdom
Chronological subdivision
690 ## - LOCAL SUBJECT ADDED ENTRY--TOPICAL TERM (OCLC, RLIN)
Topical term or geographic name as entry element MANAGEMENT-PROJECT MANAGEMENT-PROJECT MANAGERS
942 ## - ADDED ENTRY ELEMENTS (KOHA)
Suppress in OPAC 0
Holdings
Withdrawn status Lost status Source of classification or shelving scheme Damaged status Not for loan Home library Current library Shelving location Date acquired Cost, normal purchase price Total Checkouts Full call number Barcode Date last seen Date last checked out Copy number Cost, replacement price Price effective from Koha item type
    Dewey Decimal Classification     London London Books 13/07/2007 27.50 1 F658 PRO 30073987 06/08/2019 13/07/2007 1 27.50 06/08/2019 Book